000 00751nam a2200169 i 4500
001 189301
003 ES-MaACL
005 20250805063327.0
008 190522s1864 sp |||| | spa d
100 1 _aNaranjo y Garza, Felipe,
_d1809-1877
_9141837
245 1 0 _aMemoria sobre el estado de la minería del distrito de Murcia /
_cpor Felipe Naranjo y García.
260 _a[S.l. :
_bs.n.,
_c1864?]
300 _a26 p. :
_bil. ;
_c21 cm.
650 4 _aMinería-
_zMurcia (Comunidad Autónoma)
_9167076
852 _aES-MaACL
_jB-8926(2)
_z.- Legado de Federico de Botella y de Hornos
_z.- Encuadernado en un vol. facticio agrupado con el nombre en el lomo: España, geología, memorias y documentos varios 20 al 40
999 _c189301
_d189301